| 000 | 00721nam a2200229 i 4500 | ||
|---|---|---|---|
| 999 |
_c7921 _d7921 |
||
| 001 | Rebiun35360901 | ||
| 003 | OSt | ||
| 005 | 20240710101431.0 | ||
| 008 | 240221s2023 sp 000 0 spa d | ||
| 017 | _aSO 54-2023 | ||
| 020 | _a9788416446964 | ||
| 040 |
_aUCAR _bcat _cCDMR |
||
| 100 | _aTomeo Escuin, Carlos | ||
| 245 | 1 | 0 |
_aPeriodismo local. La radio : _bel caso de Radio Soria / _cCarlos Tomeo Escuin |
| 260 |
_aSoria : _bDiputación Provincial de Soria, _cDL 2023 |
||
| 300 |
_a247 p. : _bfot. ; _c24 cm |
||
| 504 | _aBibliogr.: p. 227-244 | ||
| 610 | 0 |
_94960 _aRadio Soria |
|
| 650 | 0 |
_91727 _aRàdio local _zEspanya |
|
| 650 | 0 |
_92803 _aMitjans de comunicació de massa locals _zEspanya |
|
| 942 |
_2udc _cMON |
||